Statystyki dla 10 krajów, gdzie mieszka najwięcej Polaków

Kliknij tutaj aby rozwiązać quiz!

Ogólne statystyki

  • Ten quiz został rozwiązany 131 razy
  • Średni wynik to 8 z 10

Statystyki odpowiedzi

Liczba PolakówOdpowiedź% Poprawnych
od 1,5 do 2 mlnNiemcy
97%
nawet 10,6 mlnStany Zjednoczone
97%
853 tys. - 1 021 tysWielka Brytania
93%
trudno oszacowaćFrancja
82%
od 1,5 mln. do nawet 3 mlnBrazylia
79%
900 tys - 1.5 mlnKanada
79%
200 tysAustralia
64%
ok. 450 tysArgentyna
62%
235 tysLitwa
62%
ok. 400 tysBiałoruś
52%

Rozkład punktacji

Percentyl według liczby udzielonych odpowiedzi

Procent ludzi z każdym wynikiem

Twoja historia wyników

Nie rozwiązałeś tego quizu